[Event "Treppenturnier 2023-2025"]
[Site "Turnierstufe"]
[Date "2025.02.14"]
[Round "57-4"]
[White "Reflection II max London 3MB"]
[Black "Reflection II max Fidelity V4"]
[Result "1-0"]
[WhiteElo "2414"]
[BlackElo "2329"]
[PlyCount "120"]

1.e4 e5 2.Nf3 Nc6 3.Bb5 Nge7 4.O-O g6 5.c3 Bg7 6.d4 exd4 7.cxd4 d5 8.exd5 Nxd5 
9.Re1+ {Buchende.} 9...Be6 10.Bxc6+ bxc6 11.Ng5 O-O 12.Nxe6 fxe6 {Buchende.} 
13.Nd2 Nf4 14.Nb3 Qd5 15.f3 e5 16.Bxf4 exf4 17.Rc1 Rae8 18.Rxe8 Rxe8 19.Qd2 Qd6 
20.h3 Bf6 21.Kh2 Bh4 22.Nc5 {ImFolgenden dreht sich das Spiel um die Belagerung
des schwarzen Doppelbauern.} 22...Rd8 23.Rc4 Qd5 24.b3 Bf6 25.Qxf4 Bxd4 26.Ne4 
Rf8 27.Qc1 Be5+ 28.Kg1 Qa5 29.Qd2 Qxd2 30.Nxd2 Rd8 31.Ne4 Rd1+ 32.Kf2 Ra1 
33.Ra4 Bh2 34.Ke2 Bg1 35.Nf2 Rc1 36.Kd2 Rc5 37.Ne4 Re5 38.Rc4 Re6 39.f4 Kg7 
40.g4 Re8 41.Ke2 Bb6 42.h4 Re6 43.Kf3 {Der weiße Druck wird immer stärker.} 
43...a5 44.f5 {(+1.54)} 44...gxf5 {(-1.37)} 45.gxf5 Rh6 46.Kg4 Kf7 47.h5 c5 
48.f6 Rxf6 {Was sonst?} 49.Nxf6 Kxf6 50.Rf4+ Kg7 51.Kg5 h6+ 52.Kf5 Kf7 53.Rg4 
c4 54.Rxc4 Kg7 55.Rg4+ Kf7 56.Ke4 Bc5 57.Rg6 Bf8 58.Kd5 Bg7 59.Rxg7+ $1 Kxg7 
60.Kc6 Kf6 {Zeitkontrolle und Ende.} 1-0

[Event "Treppenturnier 2023-2025"]
[Site "Turnierstufe"]
[Date "2025.02.18"]
[Round "58-1"]
[White "Reflection II max London 3MB"]
[Black "The King Competition aktiv 50 MHz"]
[Result "1-0"]
[WhiteElo "2422"]
[BlackElo "2416"]
[PlyCount "94"]

1.d4 c6 2.c4 Nf6 3.Nc3 d5 4.Nf3 {Buchende.} 4...g6 5.cxd5 Nxd5 6.e4 Nb6 
{Buchende.} 7.Be2 Bg7 8.O-O {(+0.60)} 8...O-O {The King fühlt sich nicht sehr
wohl: (-1.15).} 9.Bf4 Bg4 10.Ng5 Bxe2 11.Nxe2 N8d7 12.Qd3 c5 13.Rac1 Rc8 14.Qh3 
h6 15.Nf3 cxd4 16.Bxh6 d3 17.Nf4 Nc5 18.Ng5 Qd7 {Die weiße Aufstellung sieht
gefährlich aus, aber beide Seiten bewerten die Stellung als ausgeglichen.} 
19.Bxg7 ( {Hiarcs 15.4. hätte} 19.Qh4 {mit leichtem Vorteil gespielt.} ) 
19...Qxh3 20.gxh3 {Noch das Beste.} ( {Nicht besser sind:} 20.Ngxh3 Kxg7 21.f3 
e5 22.b4 d2 23.Rxc5 exf4 24.Rd1 {...} ) ( {oder} 20.Nfxh3 Kxg7 21.Rcd1 Rfd8 
22.Nf4 d2 {...} ) 20...Kxg7 21.Rxc5 Rxc5 22.Nge6+ fxe6 23.Nxe6+ Kg8 24.Nxc5 d2 
25.Rd1 Nc4 26.b3 Ne5 $6 ( {Stärker ist:} 26...Rc8 27.bxc4 Rxc5 28.Rxd2 Rxc4 
{...} ) 27.Nxb7 Rb8 28.f4 Rxb7 29.fxe5 {Nun riecht's nach Remis.} 29...Rd7 
30.e6 Rd3 31.h4 Kg7 32.e5 Rd5 33.Kf2 Kh6 34.Kf3 Kh5 35.Ke4 Rd8 36.Ke3 Kxh4 $2 
{Der König ist nun weit weg vom eigentlichen Geschehen.} ( {Nachhaltiger ist
sicherlich:} 36...Rd5 37.Rxd2 Rxe5+ 38.Kf3 Rxe6 {...} ) 37.Rxd2 Rxd2 $2 {Der
Turmtausch beschleunigt das Ende, aber das ist jenseits des
Erkenntnis-Horizonts.} 38.Kxd2 {(+1.54) Die Bauern am Damenflügel gewinnen.} 
38...Kg4 {(-2.49)} 39.Ke3 Kf5 {(-3.87)} 40.Kd4 {(+2.54)} 40...Kxe6 {'Matt in 26'
sagt Hiarcs.} 41.b4 Kf5 {(-6.42)} 42.Kd5 {(+7.39)} 42...g5 {(-8.46)} 43.h3 Kf4 
44.Ke6 Ke4 45.b5 Kf4 46.a4 Kg3 47.Kf5 Kxh3 {(-10.6) und Ende.} 1-0

[Event "Treppenturnier 2023-2025"]
[Site "Turnierstufe"]
[Date "2025.02.19"]
[Round "58-2"]
[White "The King Competition aktiv 50 MHz"]
[Black "Reflection II max London 3MB"]
[Result "0-1"]
[WhiteElo "2406"]
[BlackElo "2432"]
[PlyCount "133"]

1.d4 d5 2.c4 e6 3.Nc3 Be7 4.Nf3 Nf6 5.Bg5 O-O 6.Qc2 c5 7.dxc5 dxc4 8.e4 
{Buchende.} 8...Qa5 {Buchende.} 9.e5 Nd5 10.Bxe7 Nxe7 11.Bxc4 Qxc5 12.Bd3 Ng6 
13.O-O Nc6 14.Bxg6 hxg6 15.Qe2 Bd7 16.Rfd1 Rad8 17.Rd6 Bc8 18.Rad1 Rxd6 19.exd6 
Rd8 20.Ne4 Qb6 21.b3 Qa5 22.Nfg5 f6 23.Nf3 Nb4 24.Qd2 Bd7 25.Rc1 $10 {Bis jetzt
ein gleicher Kampf.} 25...Qa3 $6 {Doch nun gerät die schwarze Dame auf Abwege.} 
( 25...Qb6 {ist gut.} ) 26.Rc7 ( {Auch für den Taktiker The King ist diese
Abwicklung bei weitem zu tief:} 26.Nxf6+ gxf6 27.Qh6 Nd5 28.Qxg6+ Kf8 29.Qh6+ 
Ke8 30.Qh8+ Kf7 31.Qh7+ Kf8 32.Rc4 $1 Rc8 33.Qh8+ Kf7 34.Rxc8 Bxc8 35.Qxc8 Qxd6 
36.Qxb7+ {...} ) 26...Nd5 27.h3 {Luftloch. Alles im Lot.} 27...Qa6 ( {Oder} 
27...Nxc7 28.dxc7 Rc8 29.Qxd7 Qc1+ 30.Kh2 Qxc7+ 31.Qxc7 Rxc7 {...} ) 28.Rc1 Qb6 
29.Qd4 $2 {Damit dürfte der Freibauer früher oder später verloren gehen.} 
29...Qxd4 30.Nxd4 e5 31.Ne2 Bc6 32.Rd1 Nb6 33.N2c3 Nc8 34.b4 Kf7 35.b5 Bxe4 
36.Nxe4 Ke8 37.g4 b6 38.Kg2 Kd7 39.h4 Ke6 40.Rc1 Nxd6 41.Nxd6 Rxd6 
{Turmendspiel, Schwarz einen halben Bauern mehr und wieder steht sein König
besser.} 42.Rc7 Rd7 43.Rc6+ Kd5 44.Kg3 Kd4 45.Rc1 Rf7 46.a4 Kd3 47.Rc6 Ke2 
48.Rc2+ Kd1 49.Rc6 Rd7 50.g5 {Das wird wohl ein Unentschieden.} 50...Rd3+ 
51.Kg2 Rd4 52.Rc7 Ke2 53.Rxa7 $2 {The King leistet sich wieder eine
Fehleinschätzung und schlägt den falschen Bauern. Sein Gegner hätte das nicht
getan.} ( 53.f3 {oder} ) ( 53.Rxg7 {sind angesagt.} ) 53...Rxh4 {(+1.03)} 
54.gxf6 {(-0.32)} 54...gxf6 55.Ra6 f5 {(+1.93)} 56.Rxb6 $2 {(-0.45) Der
endgültige Verlustzug.} ( 56.a5 {und es dauert noch länger.} ) 56...Rg4+ 57.Kh3 
Kxf2 58.Rc6 e4 59.Rc2+ Kf3 60.b6 {(-3.80)} 60...e3 {(+4.66)} 61.b7 Rb4 62.Rc4 
{(-6.89)} 62...Rxb7 {(+7.18)} 63.Kh4 e2 64.Rc3+ Kf2 65.Rc2 f4 66.a5 f3 67.a6 
{(-10.6) und Ende.} 0-1

[Event "Treppenturnier 2023-2025"]
[Site "Turnierstufe"]
[Date "2025.02.22"]
[Round "58-3"]
[White "Reflection II max London 3MB"]
[Black "The King Competition aktiv 50 MHz"]
[Result "1/2-1/2"]
[WhiteElo "2441"]
[BlackElo "2397"]
[PlyCount "120"]

1.e4 e5 2.Nf3 d6 3.d4 Nd7 4.Bc4 {Buchende.} 4...exd4 {Buchende.} 5.Nxd4 Ngf6 
6.Nc3 Nb6 7.Bb5+ c6 8.Nxc6 $5 {(+0.78) Die süße Verlockung auf a8.} 8...bxc6 
{(+0.15)} 9.Bxc6+ Bd7 10.Bxa8 Qxa8 11.O-O Be7 12.Bg5 O-O 13.Re1 Rc8 14.Rb1 Qb7 
15.Bxf6 Bxf6 16.Qxd6 Nc4 17.Qd5 Qc7 18.Nb5 Bxb5 19.Qxb5 Rb8 20.Qf5 Be5 21.b3 
Bxh2+ 22.Kh1 Nd6 23.Qh5 Bf4 24.c4 Bd2 25.e5 Bxe1 26.exd6 Qa5 27.Qxa5 Bxa5 28.c5 
{Die weißen Bauern sehen gefährlich aus, aber bei richtigem Spiel kann Schwarz
Remis halten:} 28...Bb4 29.d7 Ba5 30.c6 Bc7 31.Re1 Kf8 32.g3 f6 33.Kg2 Kf7 
34.Re2 a5 35.Kf3 g6 36.Kg2 h5 37.Re4 {Da geht nicht mehr viel. Der weiße Turm
bleibt auf der e-Linie und schneidet dem gegnerischen König dem Weg zu den
Bauern ab.} 37...g5 38.Re2 f5 39.Re1 Rg8 40.Re3 f4 41.Re4 fxg3 42.fxg3 Rg6 
{Weiß The King, dass ein Remis nicht reicht?} 43.Re8 Rxc6 44.Rc8 Rc2+ 45.Kf1 
Rxa2 46.Rxc7 {Erneut ein Turmendspiel. Greift noch einer daneben?} 46...Ke7 
47.Rc5 h4 48.Rxg5 h3 49.Rh5 h2 50.Rh7+ Kd8 51.g4 Rb2 52.g5 Rxb3 53.Kg2 Rb5 
54.Rh5 Kxd7 55.Kxh2 Ke6 56.Kg2 Kd6 57.Kh3 a4 58.Rh6+ Kc5 59.g6 Rb1 60.Rh5+ Kb6 
{Man kann getrost ein Remis notieren. Da sind sich die beiden Compis auch einig
und Hiarcs 15.4 gibt ihnen Recht.} 1/2-1/2

[Event "Treppenturnier 2023-2025"]
[Site "Turnierstufe"]
[Date "2025.02.26"]
[Round "58-4"]
[White "The King Competition aktiv 50 MHz"]
[Black "Reflection II max London 3MB"]
[Result "1/2-1/2"]
[WhiteElo "2398"]
[BlackElo "2440"]
[PlyCount "208"]

1.Nf3 d5 2.c4 c6 3.d4 Nf6 4.Nc3 dxc4 5.e4 b5 6.Qc2 e6 7.Be2 {Buchende.} 7...Bb7 
8.O-O Nbd7 {Buchende.} 9.e5 Nd5 10.b3 Bb4 11.Nxd5 exd5 $6 ( {Besser ist wohl:} 
11...cxd5 ) 12.Be3 Be7 13.Rfb1 Bc8 14.a4 O-O 15.axb5 cxb5 16.bxc4 bxc4 17.h4 
Nb6 18.h5 h6 19.Ra5 Bg4 20.Ng5 Bxg5 21.Bxg4 Bxe3 22.fxe3 Qg5 23.Qe2 c3 24.Re1 
Nc4 ( {Zunächst} 24...Rab8 $1 25.Bh3 {und dann} 25...Nc4 26.Rxd5 {...} ) 
25.Rxd5 Nxe3 26.Qxe3 Qxg4 27.Qxc3 {Das Material ist ausgeglichen, aber der
endspielstarke London hat einen entfernten Freibauern.} 27...Qxh5 {Jetzt kann
sich Weiß den a-Bauern holen und es sieht nach Remis aus...} 28.Rc5 Qg4 29.Rc1 
Rab8 30.d5 Qe2 31.Re1 Qa6 32.d6 Rb7 33.Rc8 Qb6+ 34.Kh2 Rd7 35.Rb1 Rxc8 $2 
{(-1.93)} ( {Übersieht die (zu tiefe) Wendung zum Ausgleich:} 35...Qxb1 
36.Rxf8+ Kh7 ( 36...Kxf8 37.Qc8+ Rd8 38.Qxd8# ) 37.Re8 ( 37.Qf3 Qg6 38.Rc8 Qe6 
39.Qd3+ g6 40.Rc5 Qg4 {...} ) 37...Qe4 38.Qf3 Qh4+ 39.Qh3 Qxh3+ 40.Kxh3 f6 
41.Re7 Rd8 42.exf6 Rxd6 43.Rxg7+ Kh8 44.Rxa7 Rxf6 {...} ) 36.Qxc8+ {(+2.13)} 
36...Qd8 37.Rb8 Qxc8 38.Rxc8+ Kh7 39.Rc7 Rd8 40.Rxf7 Kg6 41.Rxa7 Re8 42.e6 
{Nicht der beste Zug.} ( 42.d7 Rd8 43.e6 Kf6 44.Ra6 Ke7 45.Rc6 Rh8 46.Rc8 Rd8 
47.Kg3 g6 48.Kg4 {... oder} ) ( 42.Ra6 {sind die schnelleren Gewinner, weil der
schwarze Turm vom Brett verschwindet.Aber das ist für beide nicht zu errechnen.} 
42...Kf7 43.d7 Rd8 44.e6+ Ke7 45.Rc6 Rh8 46.Rc8 {...} ) 42...Rxe6 43.Ra6 Kf7 
44.d7 Rxa6 45.d8=Q Rf6 46.Qd5+ Kf8 47.Qc5+ Kf7 48.g4 g5 49.Qd5+ Kg7 50.Kg3 Rf4 
51.Qd7+ Rf7 52.Qe6 Rf4 53.Qe5+ Kg8 54.Qc3 Kf7 55.Qc7+ Kg8 56.Qe7 Kh8 57.Qd7 Kg8 
58.Qc7 Rf6 59.Qb7 Rf7 60.Qb2 Rf4 {Rest in je 1 Stunde. Es sieht nicht danach
aus, als könne The King das gewinnen. Vermutlich ist es gar nicht zu schaffen.
Auch Hiarcs 15.4 findet bei einer Suchtiefe von 45 HZ allgemein und 86 HZ
selektiv (nach 20 Minuten) keinen Gewinnweg.} 61.Qe5 Kh7 62.Qe8 Kg7 63.Qc6 Rf7 
64.Qd6 Rf4 65.Qe6 Kh7 66.Qb6 Kg7 67.Qe3 Kf7 68.Qe2 Kg7 69.Qe8 Kh7 70.Qd8 Kg7 
71.Qd5 Kh7 72.Qc6 Kg7 73.Qc2 Rf6 74.Qd3 Rf4 75.Qb1 Rf6 76.Qe4 Rf7 77.Kh3 Rf4 
78.Qd3 Rf6 79.Qd5 Rf4 80.Qd6 Rf3+ 81.Kg2 Rf4 82.Qe6 Kh7 83.Kg1 Kg7 84.Qe2 Kf7 
85.Kg2 Kf8 86.Qe6 Kg7 87.Qe8 Rxg4+ 88.Kf2 Rh4 89.Qe7+ Kg6 90.Qe6+ Kg7 91.Qd5 
Kf6 92.Qd6+ Kf5 93.Qc5+ Kf6 94.Qc6+ Kf5 95.Qc8+ Kf6 96.Qa6+ Kg7 97.Qd6 Rf4+ 
98.Kg3 h5 99.Qe7+ Kh6 100.Qe6+ Kg7 101.Qe5+ Kh7 102.Qc7+ Kg6 103.Qc6+ Kg7 
104.Qb7+ Kg6 {Genug des grausamen Spiels: Remis!} 1/2-1/2

[Event "Treppenturnier 2023-2025"]
[Site "Turnierstufe"]
[Date "2025.03.02"]
[Round "59-1"]
[White "Reflection II max London 3MB"]
[Black "The King Competition aktiv 300 MHz"]
[Result "1-0"]
[WhiteElo "2440"]
[BlackElo "2591"]
[PlyCount "119"]

1.d4 c6 2.c4 Nf6 3.Nc3 d5 4.Nf3 {Buchende.} 4...g6 5.cxd5 Nxd5 6.e4 Nb6 
{Buchende.} 7.Be2 Bg7 8.O-O O-O 9.Bf4 Bg4 10.Ng5 Bxe2 11.Nxe2 N8d7 12.Qb3 
{London weicht als erster von Partie 1 (Post #426) ab. Da hatte er 12. Dd3
gespielt.} 12...e5 13.dxe5 Nxe5 14.Ne6 fxe6 15.Bxe5 Bxe5 16.Qxe6+ {Weg ist der
Bauer...} 16...Rf7 17.Qxe5 Qd2 18.Rfe1 Nc4 19.Qc3 Qxc3 20.bxc3 Re8 21.f3 {...
und der weiße Mehrbauer wirkt recht gesund.} 21...Nb2 22.Rab1 Nc4 23.Rb4 b5 
24.Rbb1 Rd7 25.Rbd1 Red8 26.Rd4 c5 27.Rxd7 Rxd7 28.Nf4 Kf7 29.Kf2 g5 30.Nd5 Nb6 
31.Nxb6 axb6 32.Rb1 {Das sieht nicht gut aus für The King.} 32...Rd2+ 33.Kg3 b4 
34.cxb4 c4 35.a4 Rd6 36.a5 b5 37.Ra1 Ra6 38.Kf2 Ke6 39.Ke3 {Der Mephisto weiß
genau, was zu tun ist.} 39...Ra7 40.g3 Rd7 41.a6 {(+3.45)} 41...Ra7 {(-2.25)} 
42.f4 {Er weiß wirklich, was er tut.} 42...gxf4+ 43.gxf4 {Und The King kann
aufgeben,} 43...Kd6 44.Kd4 Kc6 45.e5 h5 46.f5 c3 47.Kxc3 Kd7 48.Kd4 Kd8 
{(-10.0)} 49.Kc5 {(+8.51)} 49...Ra8 50.a7 Kd7 51.Rg1 Ke7 52.Rg7+ Kf8 53.f6 
{(MAT8)} 53...Rc8+ 54.Kd6 Rd8+ 55.Kc6 Re8 56.Kb7 Rd8 57.e6 Ra8 58.Kxa8 h4 
59.Kb7 h3 60.a8=Q# 1-0

[Event "Treppenturnier 2023-2025"]
[Site "Turnierstufe"]
[Date "2025.03.07"]
[Round "59-2"]
[White "The King Competition aktiv 300 MHz"]
[Black "Reflection II max London 3MB"]
[Result "1-0"]
[WhiteElo "2577"]
[BlackElo "2454"]
[PlyCount "117"]

1.d4 d5 2.c4 e6 3.Nc3 Be7 4.Nf3 Nf6 5.Bg5 O-O 6.Qc2 c5 7.dxc5 dxc4 8.e4 
{Buchende.} 8...Qa5 {Buchende.} 9.e5 Nd5 10.Bxe7 Nxe7 11.Bxc4 Qxc5 12.Bd3 Ng6 
13.O-O Nc6 14.Bxg6 hxg6 15.Qe2 Bd7 16.Rfd1 Rad8 17.Ne4 {Hier weicht The King von
der Partie seines anderen Ichs mit 50 MHz ab (s. #427). Da spielte er 17. Td6,
bekam einen wackeligen Freibauern, den er später abgeben musste und dann verlor
er das Spiel.} 17...Qb6 18.Rd6 Be8 19.Rc1 Rxd6 20.exd6 {The King will auch
dieses Mal den Bauern auf e6. Besser ist wohl} ( 20.Nxd6 Bd7 21.Rd1 {...} ) 
20...Nb4 21.Qe3 $10 Bc6 22.Qxb6 axb6 23.Rc4 Nxa2 $6 {Jetzt verliert London einen
Bauern ...} ( 23...Nd3 {und dann z.B.} 24.Rd4 Bxe4 25.Rxe4 Rd8 26.Ne5 Nxe5 
27.Rxe5 Rxd6 {... ist klar besser.} ) 24.Ne5 {... was der schnelle King
natürlich sieht.} 24...Rd8 {(-1.09)} 25.Nxc6 {(+1.59) Nun ist der King in seinem
Element.} 25...bxc6 26.Rxc6 b5 27.g4 Kf8 28.Rb6 Nc1 29.Nc5 Ne2+ 30.Kf1 Nd4 
31.f4 g5 32.fxg5 Nf3 33.Nb7 Rd7 34.Rc6 g6 35.Rc7 Ne5 36.b4 Kg7 37.Rxd7 Nxd7 
38.Nc5 Ne5 39.d7 Nc6 40.Nb7 f6 $18 {Da ist wohl nichts mehr zu holen für
London.} 41.d8=Q Nxd8 42.Nxd8 fxg5 43.Nxe6+ Kf6 {(-5.00)} 44.Nd4 {(+5.83)} 
44...Ke5 45.Nxb5 Kd5 46.Nc3+ Kc4 47.b5 Kc5 48.Kg2 Kb6 49.Kf3 Kc5 50.Ke4 Kc4 
{(-12.4)} 51.b6 {(M10)} 51...Kxc3 52.b7 {(M8)} 52...Kc4 53.b8=Q Kc5 54.Qc7+ Kb4 
55.Kd4 Kb3 56.Qc3+ Ka4 57.Qb2 Ka5 58.Kc5 Ka4 59.Qb4# 1-0

[Event "Treppenturnier 2023-2025"]
[Site "Turnierstufe"]
[Date "2025.03.08"]
[Round "59-3"]
[White "Reflection II max London 3MB"]
[Black "The King Competition aktiv 300 MHz"]
[Result "0-1"]
[WhiteElo "2447"]
[BlackElo "2584"]
[PlyCount "112"]

1.e4 e5 2.Nf3 d6 3.d4 Nd7 4.Bc4 {Buchende.} 4...exd4 {Buchende.} 5.Nxd4 Ngf6 
6.Nc3 Nb6 7.Bb5+ c6 8.Nxc6 {(+0.78) Wieder möchte London gerne auf a8
zugreifen.} 8...bxc6 9.Bxc6+ Bd7 10.Bxa8 Qxa8 11.O-O Be7 12.Bg5 O-O 13.Re1 Rc8 
14.Rb1 Be6 ( {The King mit 50 Mhz spielte hier den gleichwertigen Zug} 14...Qb7 
{.} ) 15.Qd4 $6 ( {Besser sind wohl} 15.a4 {oder} ) ( 15.Be3 ) 15...h6 16.Bh4 
d5 17.Bxf6 Bxf6 18.e5 Bg5 19.g3 $17 Bf5 {(+1.43)} 20.h4 {(-0.66)} 20...Rc4 
{Kombinationsfähigkeit ist angesagt und wieder ist The King in seinem Element.} 
21.Qd1 Be7 22.Qf3 Qc8 23.Nxd5 Nxd5 24.Qxd5 Rc5 25.Qd4 Rxc2 26.b4 Rc4 27.Qxa7 
Bxb1 28.Rxb1 {Die Übersichtlichkeit ist wieder hergestellt. Schwarz hat einen
Läufer für drei Bauern, ...} 28...Qf5 29.Rf1 Bxb4 {... nur noch zwei Bauern und
eine überlegene Position.} 30.Qb8+ Bf8 31.a3 Re4 32.Qb2 Bc5 33.Kg2 Qxe5 34.Qxe5 
Rxe5 {London kann aufgeben.} 35.a4 Re2 36.Ra1 Rxf2+ 37.Kh3 Bd6 38.Rd1 Be5 
39.Rd5 f6 40.a5 h5 {Webt an einem Mattnetz.} 41.Rd3 g5 42.hxg5 fxg5 43.Re3 g4+ 
{(+14.4)} 44.Kh4 {(-2.78)} 44...Rf5 45.Rxe5 {Was sonst?} 45...Rxe5 {(M12)!!} 
46.a6 Ra5 47.a7 Kh7 48.a8=Q Rxa8 49.Kg5 Rf8 50.Kh4 Rg8 51.Kxh5 Rg6 52.Kh4 Kg7 
53.Kh5 Kf6 54.Kh4 Kf5 55.Kh5 Re6 56.Kh4 Rh6# 0-1

[Event "Treppenturnier 2023-2025"]
[Site "Turnierstufe"]
[Date "2025.03.11"]
[Round "59-4"]
[White "The King Competition aktiv 300 MHz"]
[Black "Reflection II max London 3MB"]
[Result "1-0"]
[WhiteElo "2584"]
[BlackElo "2441"]
[PlyCount "97"]

1.Nf3 d5 2.c4 c6 3.d4 Nf6 4.Nc3 dxc4 5.e4 b5 6.Qc2 e6 7.Be2 {Buchende.} 7...Bb7 
8.O-O Nbd7 {Buchende.} 9.a4 {The King 300 weicht schnell von der Partie 4 (Post
#430) ab. Mit 50 MHz spielte er 9. e5.} 9...a6 10.e5 Nd5 11.b3 cxb3 12.Qxb3 
Nxc3 13.Qxc3 Be7 14.Bd2 b4 15.Qb3 c5 16.dxc5 Bxc5 17.Bg5 Qb8 18.Rfd1 Qa7 $15 
{London hat einen gesunden Mehrbauern.} 19.Bh4 Bd5 $6 ( {Einfach} 19...Bxf3 
{und Schwarz behält seinen Vorteil.} ) 20.Rxd5 exd5 21.Qxd5 O-O 22.Rd1 Nb8 $2 
{Übersieht den folgenden Angriff.} 23.Bd3 ( {Noch stärker ist} 23.e6 $1 {z.B.
mit dieser Folge:} 23...Kh8 24.exf7 Nc6 ( 24...Rxf7 25.Ng5 Rf8 26.Nxh7 Bxf2+ 
27.Kh1 Qc5 28.Nxf8 Qxd5 29.Rxd5 {...} ) 25.Qxc6 Rac8 26.Qd5 Qxf7 27.Qxf7 Rxf7 
28.Bxa6 Rcf8 {...} ) 23...a5 24.e6 fxe6 25.Qxe6+ {(+2.45)} 25...Kh8 {(-2.33)} 
26.Qe4 g6 27.Qe5+ Qg7 28.Qxc5 {Autsch.} 28...Nd7 29.Qb5 Rfb8 30.Qd5 Rf8 31.Nd4 
Nf6 32.Qb3 Qh6 33.Bg3 Rac8 34.Be5 Qh5 {Nun ist endgültig alles vorbei.} 35.Re1 
Rc5 36.f4 Qh4 37.g3 Qh3 38.Qe6 ( 38.Ne6 {ist noch stärker.} ) 38...Rxe5 39.Qxe5 
Qc8 40.Ne6 Rf7 41.Ng5 Rf8 42.Qe7 Kg8 ( {Auch} 42...Qe8 {hilft nicht mehr:} 
43.Qxf6+ Rxf6 44.Rxe8+ {...} ) 43.Bc4+ Qxc4 44.Ne6 Qxe6 45.Rxe6 {(+9.76)} 
45...Nh5 {(-8.96)} 46.Rc6 Rf7 {Schwarz ist festgenagelt und wartet auf das
Ende.} 47.Qe5 Nf6 48.Rxf6 Rxf6 49.Qxf6 {und Feierabend.} 1-0